000 00378nam a2200157Ia 4500
008 230524s9999 xx 000 0 und d
082 _a4.133
_bPHI
100 _aAndrew S.Philippakis
245 0 _aInformation System through Cobol
250 _a6TH
260 _aNEW DELHI
_bTMH
_c1996
300 _a342
500 _aQuantity Number: 13
650 _aComp-Sc
942 _cBK
999 _c14326
_d14326